00171nam a2200073Ia 4500008004100000082000800041100001900049245002900068240331s9999 xx 000 0 und d bSEN aSeneviratne, M 0aSome facets of Sri Lanka